000 00611nam a22001937a 4500
005 20240805143352.0
010 _aENG-141200
020 _c595.00
_a9788196078157
035 _aEN-124732
037 _bDBAD
082 _a005.74
_21
100 _aVora, Sejal
_969472
245 0 0 _aSimply Data:
_bStorytelling with Data/
_cBy Sejal Vora
250 _a1
260 _aMumbai
_bKabdwal Book International
270 _aPlot No. 179, D/42, Raigad CHS, Sector 1, Charkop, Kandivali(W)
_bMumbai
_e400067
_morder@kabdwalbook.com
300 _a232p.
_c22cm(pbk)
942 _2ddc
_cEN
_mVOR
_h005.74
_e1
999 _c204829
_d204829